000 00299nam a22001337a 4500
008 180315b xxu||||| |||| 00| 0 eng d
020 _a9780471333999
041 _aeng
080 _22nd
_a51
100 _a37
101 _aMAT
245 _aFunctions modeling change
_cCannon.R.J
942 _2udc
_cBK
999 _c45142
_d45142